Movies Set in Seattle - Statistics

General Stats
  • This quiz has been taken 212 times
  • The average score is 4 of 14
Answer Stats
Hint Answer % Correct
Another nineties romantic comedy, but with Meg Ryan and Tom Hanks Sleepless in Seattle
94%
Heath Ledger sings to Julia Stiles in this high school take on The Taming of the Shrew. Ten Things I Hate about You
60%
Matthew Brodrick almost starts World War III. WarGames
56%
Naomi Watts is afraid to answer the phone in this remake of a Japanese horror movie. The Ring (U.S.)
46%
John Cusack woos Ione (She's the cheese, and he's the macaroni), with his boombox. Say Anything
40%
Jeff and Beau Bridges are a lounge act with Michelle Pfeiffer. The Fabulous Baker Boys
27%
A nineties romantic comedy with Bridgett Fonda and Kyra Sedgwick Singles
25%
Rebecca De Mornay is a very bad nanny. The Hand That Rocks the Cradle
24%
Keanu Reeves is Siddhartha. Little Buddha
10%
High school kids found a mysterious underground object that gives them special powers. Chronicle
7%
The title of this film adaptation from the famous novel could also describe Seattle's weather. Fifty Shades of Grey
7%
A reporter played by Angelina Jolie interviews a psychic who tells her she is going to die and her life is meaningless. Life or Something Like It
4%
Jeff Bridges is an ex-con with a heart of gold. American Heart
2%
Tobey McGuire and Elizabeth Banks try to do some work on their backyard. The Details
2%
No matching quizzes found
Score Distribution
Percent of People with Each Score
Percentile by Number Answered
Your Score History
You have not taken this quiz